| 000 | 00452cam a22001097a 4500 | ||
|---|---|---|---|
| 008 | 180718b1970 xxu||||| |||| 00| 0 eng d | ||
| 082 | _aK232x42 Un3u | ||
| 245 |
_aStanding reference on the pay of university teachers in Great Britain : second Report _cby National Board For Prices and Incomes, United Kingdom |
||
| 260 |
_aLondon _bHer Majesty's Stationery Office _c1970 |
||
| 300 | _a47+p. | ||
| 700 | _aUnited Kingdom. National Board For Prices and Incomes | ||
| 999 |
_c499851 _d499851 |
||